000 00538nmm a2200169Ia 4500
008 251105s9999||||xx |||||||||||||||||und||
020 _a9788499400693
041 _aspa
100 _aDiéguez Lucena, Antonio
245 0 _aLa Evolución del Conocimiento :
_b De la mente animal a la mente humana
264 _a[Madrid, España] :
_bBiblioteca Nueva,
_c2011
300 _a240 páginas
490 _aRazón y Sociedad
650 _aBiology and natural sciences
856 _uhttps://public.digitaliapublishing.com/a/9062
942 _cCF
999 _c92561
_d92561